[Event "zonal 7"]
[Site "Windsor CAN"]
[Date "1989.06.??"]
[Round "?"]
[White "Ross, Paul"]
[Black "Taylor, Gordon"]
[Result "1-0"]
[WhiteElo "2260"]
[BlackElo "2345"]
[EventDate "1989.06.??"]
[PlyCount "93"]

1.d4 Nf6 2.c4 g6 3.Nf3 Bg7 4.Nc3 d6 5.e4 O-O 6.Be2 e5 7.d5 a5 8.Bg5 h6 9.
Bh4 Qe8 10.O-O Na6 11.Nd2 Bd7 12.b3 Nh7 13.f3 f5 14.a3 b6 15.Bf2 f4 16.Rb1
Rf7 17.b4 axb4 18.axb4 Bf8 19.Qb3 g5 20.Ra1 g4 21.c5 g3 22.hxg3 fxg3 23.
Be3 Rf4 24.Bxa6 Qh5 25.Rfe1 Rh4 26.Kf1 Rh1+ 27.Ke2 Rxe1+ 28.Rxe1 Rxa6 29.
cxb6 cxb6 30.b5 Ra8 31.Bxb6 Ng5 32.Rg1 Rb8 33.Be3 Nf7 34.b6 Be7 35.Qc4 Bd8
36.Qa6 Rc8 37.b7 Rxc3 38.b8=Q Kg7 39.Qa1 Rc8 40.Qb7 Rc7 41.Qb4 Qh2 42.Kd3 
Qh4 43.Rc1 Rxc1 44.Qxc1 Qe7 45.Qh1 Qe8 46.Nc4 Bc7 47.Qh4 1-0

[Event "zonal 7"]
[Site "Windsor CAN"]
[Date "1989.06.??"]
[Round "?"]
[White "Southam, David"]
[Black "Basanta, Gary"]
[Result "0-1"]
[WhiteElo "2255"]
[BlackElo "2260"]
[EventDate "1989.06.??"]
[PlyCount "101"]

1.e4 c5 2.Nf3 d6 3.c3 Nf6 4.h3 Nc6 5.Bd3 Qc7 6.Bc2 d5 7.d3 dxe4 8.dxe4 b6 
9.Qe2 e6 10.Na3 a6 11.Bg5 h6 12.Bh4 Nh5 13.O-O-O g5 14.Bg3 Nxg3 15.fxg3 b5
16.Rhe1 e5 17.Bb3 c4 18.Nxc4 bxc4 19.Qxc4 Be6 20.Rd5 Bd6 21.Ba4 Rc8 22.
Qxa6 Ke7 23.Bxc6 Qxc6 24.Qxc6 Rxc6 25.Ra5 f6 26.Ra7+ Rc7 27.Rxc7+ Bxc7 28.
b3 Ba5 29.Kb2 Rd8 30.g4 Rd3 31.b4 Bb6 32.a4 Kd7 33.a5 Ba7 34.b5 Bc4 35.b6 
Bb8 36.Ra1 Ba6 37.Kc2 Re3 38.Rd1+ Kc8 39.Kb3 Rxe4 40.Nd2 Re2 41.Nc4 e4 42.
Nd6+ Bxd6 43.Rxd6 e3 44.Rxf6 Re1 45.Re6 e2 46.Kc2 Rd1 47.Re8+ Kd7 48.b7 
Bd3+ 49.Kb3 Rb1+ 50.Ka4 Kxe8 51.b8=N 0-1

[Event "zonal 7"]
[Site "Windsor CAN"]
[Date "1989.06.??"]
[Round "?"]
[White "Southam, David"]
[Black "Hartman, Brian"]
[Result "0-1"]
[WhiteElo "2255"]
[BlackElo "2345"]
[EventDate "1989.06.??"]
[PlyCount "56"]

1.e4 e5 2.Nf3 Nc6 3.Bb5 a6 4.Ba4 Nf6 5.O-O Be7 6.Re1 b5 7.Bb3 O-O 8.h3 Bb7
9.d3 d6 10.c3 Na5 11.Bc2 c5 12.Nbd2 Qc7 13.Nf1 Rfe8 14.Ng3 Bf8 15.Nh2 d5 
16.Ng4 Nxg4 17.hxg4 Rad8 18.Qf3 c4 19.dxc4 dxc4 20.Nf5 Nc6 21.g3 Nb8 22.
Kg2 Nd7 23.Rh1 Nc5 24.b4 Nd3 25.Nxg7 Bxg7 26.Qf5 Qc6 27.Qxh7+ Kf8 28.Bxd3 
cxd3 0-1

[Event "zonal 7"]
[Site "Windsor CAN"]
[Date "1989.06.??"]
[Round "?"]
[White "Southam, David"]
[Black "Nickoloff, Bryon"]
[Result "0-1"]
[WhiteElo "2255"]
[BlackElo "2420"]
[EventDate "1989.06.??"]
[PlyCount "80"]

1.e4 e5 2.Nf3 Nc6 3.Bb5 a6 4.Ba4 Nf6 5.O-O Be7 6.Re1 b5 7.Bb3 d6 8.c3 O-O 
9.h3 Nd7 10.d4 Bf6 11.a4 Na5 12.Bc2 Bb7 13.d5 Be7 14.axb5 axb5 15.b4 Nc4 
16.Rxa8 Qxa8 17.Nbd2 Nxd2 18.Bxd2 Nb6 19.Bd3 Nc4 20.Bxc4 bxc4 21.Nh2 f5 
22.f3 f4 23.Qa1 c6 24.dxc6 Bxc6 25.Rc1 Qb7 26.Qa2 Qb5 27.Be1 Ra8 28.Qe2 
Ra3 29.Bf2 Qa6 30.Nf1 Bd7 31.Nd2 Be6 32.Qe1 Ra2 33.Rb1 Bd7 34.Kh1 Bb5 35.
Nf1 Qa4 36.Rc1 Qa3 37.Rd1 Ba4 38.Rd2 Ra1 39.Qe2 Qxc3 40.Ra2 Bd1 0-1

[Event "zonal 7"]
[Site "Windsor CAN"]
[Date "1989.06.??"]
[Round "?"]
[White "Southam, David"]
[Black "O'Donnell, Tom"]
[Result "0-1"]
[WhiteElo "2255"]
[BlackElo "2395"]
[EventDate "1989.06.??"]
[PlyCount "100"]

1.d4 d5 2.Nf3 c6 3.c4 e6 4.g3 Nf6 5.Bg2 Be7 6.Qc2 O-O 7.O-O b6 8.Nbd2 Bb7 
9.b3 Na6 10.Rd1 Rc8 11.Bb2 Qc7 12.Rac1 Qb8 13.Qb1 h6 14.a3 c5 15.dxc5 Nxc5
16.Be5 Qa8 17.b4 Ncd7 18.Bd4 Rfd8 19.Qb2 Ne8 20.cxd5 Bxd5 21.Ne1 Bf6 22.
Nb3 Rxc1 23.Rxc1 Nd6 24.Bxf6 Nxf6 25.Nd4 Rc8 26.Rxc8+ Qxc8 27.Bxd5 Nxd5 
28.Qc2 Nc3 29.Qd3 Qc7 30.Kf1 g6 31.e3 Kg7 32.Ne2 Nce4 33.Qd4+ Kh7 34.f3 e5
35.Qb2 Nc4 36.Qc1 Ned2+ 37.Kf2 b5 38.Nc3 Qc6 39.Ke2 e4 40.fxe4 Qf6 41.Kd3 
Qf2 42.Nd5 Nb3 43.Qc2 Qxe1 44.e5 Nbd2 45.Kd4 Nf3+ 46.Kc5 Nfxe5 47.Qe4 Qf2 
48.Qd4 Qf5 49.Kxb5 Qd7+ 50.Ka6 Qc8+ 0-1

[Event "zonal 7"]
[Site "Windsor CAN"]
[Date "1989.06.??"]
[Round "?"]
[White "Southam, David"]
[Black "Piasetski, Leon David"]
[Result "1-0"]
[WhiteElo "2255"]
[BlackElo "2400"]
[EventDate "1989.06.??"]
[PlyCount "149"]

1.d4 Nf6 2.c4 d6 3.Nc3 e5 4.Nf3 Nbd7 5.e4 Be7 6.Be2 O-O 7.O-O c6 8.Re1 Re8
9.Rb1 exd4 10.Nxd4 Bf8 11.Bf1 Nc5 12.f3 a5 13.Kh1 h6 14.b3 g6 15.a3 Nh7 
16.Be3 Ng5 17.Qc2 Qf6 18.Rbd1 Bg7 19.Bg1 h5 20.Nde2 h4 21.e5 Qxe5 22.f4 
Qf5 23.Qxf5 Bxf5 24.Bxc5 dxc5 25.fxg5 Bc2 26.Rc1 Bxb3 27.Ng1 Rxe1 28.Rxe1 
Bxc3 29.Re3 Bd2 30.Rxb3 Bxg5 31.Rxb7 Rd8 32.Rb1 Be3 33.Nf3 g5 34.Re1 Bf4 
35.Rb1 Kg7 36.Be2 f5 37.Kg1 Be3+ 38.Kf1 Kf6 39.Rb6 Rd6 40.Ra6 g4 41.Ne1 
Rd2 42.Rxc6+ Kg5 43.Rb6 a4 44.Rb1 Ra2 45.Rd1 Bd4 46.Rd3 Kf6 47.h3 Ke5 48.
Rd1 Kf4 49.Rd3 Ke4 50.Rd1 Kf4 51.hxg4 fxg4 52.Rd3 Ke4 53.Rd1 h3 54.gxh3 
gxh3 55.Nf3 Rxa3 56.Nxd4 cxd4 57.Bg4 Rg3 58.Be6 a3 59.Bd5+ Ke5 60.Kf2 Rc3 
61.Ke2 a2 62.Ra1 Ra3 63.Bg8 h2 64.Bd5 Kd6 65.Kf2 d3 66.Kf3 Kc5 67.Ke3 Kb4 
68.Kd2 Kc5 69.Ke3 Kb4 70.Kd2 Ra7 71.Kxd3 Kb3 72.c5+ Kb2 73.Rxa2+ Rxa2 74.
c6 Ra1 75.Kc4 1-0

[Event "zonal 7"]
[Site "Windsor CAN"]
[Date "1989.06.??"]
[Round "?"]
[White "Southam, David"]
[Black "Spraggett, Kevin"]
[Result "1/2-1/2"]
[WhiteElo "2255"]
[BlackElo "2585"]
[EventDate "1989.06.??"]
[PlyCount "120"]

1.e4 c6 2.d4 d5 3.Nd2 dxe4 4.Nxe4 Nf6 5.Nxf6+ gxf6 6.Bc4 Bf5 7.Ne2 e6 8.
Nf4 Na6 9.c3 Nc7 10.Qe2 Rg8 11.f3 Bd6 12.h4 h6 13.g4 Bh7 14.Nh5 Bg6 15.
Bxh6 Bxh5 16.gxh5 Nd5 17.O-O-O Bf4+ 18.Bxf4 Nxf4 19.Qe4 Qd6 20.h6 Ke7 21.
h7 Rh8 22.Rhe1 Rad8 23.Rd2 a5 24.a4 Kf8 25.h5 f5 26.Qe5 Qxe5 27.Rxe5 b6 
28.b4 axb4 29.cxb4 Rxh7 30.a5 Rxh5 31.axb6 Rb8 32.b5 Rxb6 33.bxc6 Rxc6 34.
Rc5 Rh1+ 35.Kc2 Rd6 36.d5 e5 37.Rc6 Rhh6 38.Rc8+ Kg7 39.Kc3 Rh4 40.Rc6 Rd8
41.d6 Ne6 42.Bxe6 fxe6 43.d7 Kf7 44.Rdd6 Rh6 45.Rc5 Ke7 46.Rd3 Rxd7 47.
Rxe5 Rc7+ 48.Kd2 Rh2+ 49.Re2 Rc2+ 50.Kxc2 Rxe2+ 51.Kd1 Ra2 52.Rd4 e5 53.
Rb4 Kf6 54.Ke1 Kg5 55.Rc4 Kh5 56.Kf1 f4 57.Rc8 Kh4 58.Rg8 Kh3 59.Rg5 Rb2 
60.Rg8 Rb1+ 1/2-1/2

[Event "zonal 7"]
[Site "Windsor CAN"]
[Date "1989.06.??"]
[Round "?"]
[White "Southam, David"]
[Black "Taylor, Gordon"]
[Result "0-1"]
[WhiteElo "2255"]
[BlackElo "2345"]
[EventDate "1989.06.??"]
[PlyCount "72"]

1.d4 Nf6 2.Nf3 e6 3.c4 d5 4.Nc3 c5 5.cxd5 Nxd5 6.e4 Nxc3 7.bxc3 cxd4 8.
cxd4 Bb4+ 9.Bd2 Bxd2+ 10.Qxd2 O-O 11.Bc4 Nc6 12.O-O b6 13.Rfe1 Bb7 14.Rad1
Rc8 15.Qf4 Qf6 16.Qe3 Rfd8 17.e5 Qe7 18.Bd3 Nb4 19.Bb1 g6 20.Be4 Bxe4 21.
Qxe4 Nxa2 22.Qf4 Nc3 23.Ra1 Rc7 24.Ng5 h6 25.Nh3 Kg7 26.g4 Rcd7 27.Qg3 Qb4
28.Re3 Rxd4 29.f4 Rd1+ 30.Rxd1 Rxd1+ 31.Kg2 Rd2+ 32.Kh1 Ne2 33.Qh4 Qb1+ 
34.Kg2 Nxf4+ 35.Kg3 Nd5 36.Nf4 Qg1+ 0-1

[Event "zonal 7"]
[Site "Windsor CAN"]
[Date "1989.06.??"]
[Round "?"]
[White "Spraggett, Kevin"]
[Black "Bailey, Doug"]
[Result "1-0"]
[WhiteElo "2585"]
[BlackElo "2355"]
[EventDate "1989.06.??"]
[PlyCount "53"]

1.c4 Nf6 2.Nc3 g6 3.e4 d5 4.cxd5 c6 5.dxc6 Nxc6 6.Bb5 Bg7 7.d4 O-O 8.Nge2 
e5 9.d5 Nd4 10.Bd3 Ng4 11.h3 Qh4 12.O-O f5 13.exf5 gxf5 14.Nxd4 exd4 15.
Ne2 Ne5 16.Nf4 b6 17.Re1 Bb7 18.Bf1 Rfe8 19.Bd2 Ng6 20.Ne6 Qf6 21.Qb3 Bf8 
22.d6 Kh8 23.d7 Rxe6 24.Qxe6 Qxe6 25.Rxe6 Rd8 26.Bb5 a6 27.Re8 1-0

[Event "zonal 7"]
[Site "Windsor CAN"]
[Date "1989.06.??"]
[Round "?"]
[White "Spraggett, Kevin"]
[Black "Gentes, Kevin"]
[Result "1-0"]
[WhiteElo "2585"]
[BlackElo "2235"]
[EventDate "1989.06.??"]
[PlyCount "59"]

1.c4 e6 2.Nc3 d5 3.d4 c6 4.e3 f5 5.Bd3 Nf6 6.Nge2 Bd6 7.f3 a6 8.Bd2 b5 9.
c5 Bc7 10.Qc2 a5 11.h3 Na6 12.a3 Qe7 13.O-O O-O 14.e4 dxe4 15.fxe4 e5 16.
b4 fxe4 17.Nxe4 Be6 18.Nxf6+ gxf6 19.Rae1 Qd7 20.Rf3 axb4 21.axb4 Rae8 22.
Ra1 Nb8 23.Bh6 Rf7 24.Bxh7+ Rxh7 25.Qg6+ Kh8 26.Qxf6+ Rg7 27.Rg3 Rg8 28.
Bxg7+ Rxg7 29.Qh6+ Rh7 30.Qf8+ 1-0

[Event "zonal 7"]
[Site "Windsor CAN"]
[Date "1989.06.??"]
[Round "?"]
[White "Spraggett, Kevin"]
[Black "Hamilton, Robert"]
[Result "1/2-1/2"]
[WhiteElo "2585"]
[BlackElo "2300"]
[EventDate "1989.06.??"]
[PlyCount "27"]

1.c4 Nf6 2.Nf3 e6 3.g3 a6 4.Bg2 b5 5.b3 Bb7 6.O-O c5 7.d3 Be7 8.Bb2 Qb6 9.
Nbd2 O-O 10.e4 d6 11.Re1 Nc6 12.Nf1 Nd7 13.Ne3 Nd4 14.Nxd4 1/2-1/2

[Event "zonal 7"]
[Site "Windsor CAN"]
[Date "1989.06.??"]
[Round "?"]
[White "Spraggett, Kevin"]
[Black "Hergott, Deen"]
[Result "1-0"]
[WhiteElo "2585"]
[BlackElo "2365"]
[EventDate "1989.06.??"]
[PlyCount "66"]

1.g3 g6 2.Bg2 Bg7 3.d3 c5 4.Nf3 Nc6 5.O-O d6 6.e4 e5 7.c3 Nge7 8.a3 b5 9.
b4 cxb4 10.axb4 O-O 11.Nbd2 h6 12.Bb2 Qb6 13.Ne1 Be6 14.Nc2 Rad8 15.Qe2 f5
16.Ne3 d5 17.exd5 Nxd5 18.Nxd5 Bxd5 19.Bxd5+ Rxd5 20.Nb3 Rfd8 21.Nc5 a5 
22.Ne6 axb4 23.Nxd8 Qxd8 24.Ra6 Qd7 25.cxb4 Nxb4 26.Ra8+ Kh7 27.Rfa1 Nc6 
28.R8a6 Qb7 29.Qe3 Nd4 30.Bxd4 Rxd4 31.Ra7 Qd5 32.Rxg7+ Kxg7 33.Ra7+ Kf6 
1-0

[Event "zonal 7"]
[Site "Windsor CAN"]
[Date "1989.06.??"]
[Round "?"]
[White "Spraggett, Kevin"]
[Black "Ross, Paul"]
[Result "1/2-1/2"]
[WhiteElo "2585"]
[BlackElo "2260"]
[EventDate "1989.06.??"]
[PlyCount "55"]

1.e4 e6 2.Nf3 d5 3.e5 c5 4.b4 cxb4 5.a3 Nc6 6.axb4 Bxb4 7.c3 Be7 8.d4 Bd7 
9.Bd3 Rc8 10.h4 a6 11.Rh3 h6 12.Rg3 Bf8 13.Kf1 Na5 14.Kg1 Qb6 15.Bc2 Ne7 
16.h5 Nf5 17.Rh3 Nc4 18.Ra2 Ne7 19.Nh4 Kd8 20.Rf3 Be8 21.Na3 Rc7 22.Rg3 
Na5 23.Bd2 Nec6 24.Bd3 Kc8 25.Nc2 Nc4 26.Bxc4 dxc4 27.Ne3 Ne7 28.Qa1 
1/2-1/2

[Event "zonal 7"]
[Site "Windsor CAN"]
[Date "1989.06.??"]
[Round "?"]
[White "Spraggett, Kevin"]
[Black "Stone, Raymond"]
[Result "1-0"]
[WhiteElo "2585"]
[BlackElo "2345"]
[EventDate "1989.06.??"]
[PlyCount "75"]

1.g3 d5 2.Bg2 Nf6 3.d3 c6 4.Nf3 Bf5 5.O-O e6 6.b3 Be7 7.Bb2 O-O 8.e3 h6 9.
Qe2 Bh7 10.Kh1 a5 11.a4 Na6 12.Ne1 Nc5 13.f4 b5 14.Nc3 bxa4 15.Nxa4 Nxa4 
16.Rxa4 Nd7 17.Bc3 Nc5 18.Ra2 a4 19.b4 Nd7 20.Nf3 Qb6 21.Rb1 Rfb8 22.e4 
Bf6 23.Bxf6 Nxf6 24.Ne5 dxe4 25.dxe4 c5 26.b5 Qb7 27.c4 Bxe4 28.Rba1 Rd8 
29.Nc6 Bxg2+ 30.Qxg2 Rd7 31.Ne5 Qxg2+ 32.Kxg2 Raa7 33.Nc6 Rd3 34.Rxa4 Rxa4
35.Rxa4 Ne4 36.Ra8+ Kh7 37.Rd8 Rxd8 38.Nxd8 1-0

[Event "zonal 7"]
[Site "Windsor CAN"]
[Date "1989.06.??"]
[Round "?"]
[White "Stone, Raymond"]
[Black "Basanta, Gary"]
[Result "1/2-1/2"]
[WhiteElo "2345"]
[BlackElo "2260"]
[EventDate "1989.06.??"]
[PlyCount "34"]

1.d4 Nf6 2.Nf3 d5 3.c4 e6 4.Nc3 Be7 5.Bg5 O-O 6.e3 b6 7.cxd5 exd5 8.Bd3 
Bb7 9.O-O Nbd7 10.Rc1 Rc8 11.Bf5 g6 12.Bh3 Ra8 13.Ne5 Nxe5 14.dxe5 Ne8 15.
Bh6 Ng7 16.Qb3 Re8 17.Rfd1 c6 1/2-1/2

[Event "zonal 7"]
[Site "Windsor CAN"]
[Date "1989.06.??"]
[Round "?"]
[White "Stone, Raymond"]
[Black "Hamilton, Robert"]
[Result "1/2-1/2"]
[WhiteElo "2345"]
[BlackElo "2300"]
[EventDate "1989.06.??"]
[PlyCount "105"]

1.d4 Nf6 2.c4 e6 3.Nf3 Bb4+ 4.Bd2 c5 5.Bxb4 cxb4 6.g3 O-O 7.Bg2 d6 8.O-O 
Nc6 9.Nbd2 e5 10.d5 Nb8 11.a3 Qb6 12.axb4 e4 13.c5 Qxb4 14.Ra4 Qxc5 15.
Nxe4 Nxe4 16.Rxe4 Nd7 17.Re7 Nf6 18.Nd2 Qb4 19.b3 Bd7 20.Ne4 Nxe4 21.Rxe4 
Qb6 22.Qd2 a5 23.Re7 Qd8 24.Re4 Qf6 25.Rf4 Qd8 26.Ra1 b5 27.h4 a4 28.bxa4 
Rxa4 29.Rb1 Re8 30.Rfb4 Qa5 31.e4 f5 32.exf5 Bxf5 33.R1b2 Rxb4 34.Qxb4 
Re1+ 35.Kh2 Qxb4 36.Rxb4 Bd3 37.g4 Bc4 38.Kg3 Kf7 39.Rb2 Ra1 40.Be4 Ra3+ 
41.Kf4 h6 42.f3 Ra1 43.Bb1 Ra4 44.Be4 Kf6 45.g5+ Kf7 46.Rb1 Ra2 47.Kg4 
Rg2+ 48.Kf4 Rh2 49.Kg3 Rd2 50.Kf4 Rg2 51.Ra1 hxg5+ 52.hxg5 Ba2 53.Rc1 
1/2-1/2

[Event "zonal 7"]
[Site "Windsor CAN"]
[Date "1989.06.??"]
[Round "?"]
[White "Stone, Raymond"]
[Black "Piasetski, Leon David"]
[Result "0-1"]
[WhiteElo "2345"]
[BlackElo "2400"]
[EventDate "1989.06.??"]
[PlyCount "68"]

1.d4 d6 2.e4 g6 3.c4 Bg7 4.Nc3 Nd7 5.Nf3 e5 6.Be2 Nh6 7.h4 Ng4 8.h5 c6 9.
h6 Bf6 10.d5 Qb6 11.O-O Be7 12.Nh2 Nxh2 13.Kxh2 O-O 14.Be3 c5 15.g4 Qd8 
16.Qd2 a6 17.Rh1 Rb8 18.Bd3 Nf6 19.f3 Bd7 20.a4 Ne8 21.Rab1 Nc7 22.b4 cxb4
23.Rxb4 a5 24.Rb3 Na6 25.Bb6 Qe8 26.Nb5 Nc5 27.Ra3 Bxb5 28.axb5 Bd8 29.
Bxc5 dxc5 30.Bb1 b6 31.d6 Qe6 32.Rd3 Bh4 33.Rd5 Qf6 34.Qc3 Qf4+ 0-1

[Event "zonal 7"]
[Site "Windsor CAN"]
[Date "1989.06.??"]
[Round "?"]
[White "Stone, Raymond"]
[Black "Southam, David"]
[Result "1/2-1/2"]
[WhiteElo "2345"]
[BlackElo "2255"]
[EventDate "1989.06.??"]
[PlyCount "45"]

1.d4 Nf6 2.c4 c6 3.Nc3 d5 4.Nf3 dxc4 5.a4 Bf5 6.Ne5 e6 7.f3 c5 8.e4 cxd4 
9.exf5 Nc6 10.Nxc6 bxc6 11.Bxc4 dxc3 12.fxe6 fxe6 13.Qe2 cxb2 14.Qxe6+ Qe7
15.Bxb2 Qxe6+ 16.Bxe6 Bb4+ 17.Kf2 Ke7 18.Bc4 Rhd8 19.Rhd1 Rab8 20.Rxd8 
Rxd8 21.Bxf6+ Kxf6 22.Ke3 Bd2+ 23.Ke2 1/2-1/2

[Event "zonal 7"]
[Site "Windsor CAN"]
[Date "1989.06.??"]
[Round "?"]
[White "Stone, Raymond"]
[Black "Taylor, Gordon"]
[Result "0-1"]
[WhiteElo "2345"]
[BlackElo "2345"]
[EventDate "1989.06.??"]
[PlyCount "116"]

1.c4 c5 2.Nf3 Nf6 3.g3 d5 4.Bg2 Nc6 5.O-O e5 6.cxd5 Nxd5 7.Nc3 Nc7 8.d3 
Be7 9.Nd2 Bd7 10.Nc4 f6 11.f4 b5 12.Ne3 Rc8 13.Ned5 Nxd5 14.Nxd5 O-O 15.
Kh1 Be6 16.Nc3 b4 17.Ne4 Qd7 18.b3 Rfd8 19.fxe5 Nxe5 20.Bb2 Ng4 21.Qc1 Rf8
22.Qf4 h6 23.Nf2 Bd6 24.Qd2 Rfe8 25.Ne4 Be7 26.h3 f5 27.hxg4 fxe4 28.Bxe4 
Bg5 29.Qc2 Bxg4 30.Bc1 Bf6 31.Bb2 Be5 32.Bxe5 Rxe5 33.Rf2 Qd6 34.Rf4 Rh5+ 
35.Kg2 Bh3+ 36.Kh2 Bf1+ 37.Kg1 Qd4+ 38.e3 Qxa1 39.Rxf1 Qe5 40.Qf2 Qe7 41.
Kg2 Re5 42.Qf4 Rf8 43.Qxf8+ Qxf8 44.Bh7+ Kxh7 45.Rxf8 Rxe3 46.Kh3 Re2 47.
Rc8 Rxa2 48.Rxc5 Ra3 49.Rc7 Rxb3 50.Rxa7 Rxd3 51.Rb7 Rd4 52.g4 Rd3+ 53.Kh4
b3 54.g5 Rd4+ 55.Kh3 h5 56.Rxb3 Kg6 57.Rg3 Kf5 58.Rg1 Rg4 0-1

[Event "zonal 7"]
[Site "Windsor CAN"]
[Date "1989.06.??"]
[Round "?"]
[White "Taylor, Gordon"]
[Black "Basanta, Gary"]
[Result "1-0"]
[WhiteElo "2345"]
[BlackElo "2260"]
[EventDate "1989.06.??"]
[PlyCount "145"]

1.d4 Nf6 2.c4 c5 3.Nf3 e6 4.Nc3 cxd4 5.Nxd4 Nc6 6.g3 Bc5 7.Nb3 Bb4 8.Bg2 
O-O 9.O-O b6 10.Bf4 Ba6 11.Nb5 e5 12.Bg5 Rc8 13.Rc1 h6 14.Bxf6 Qxf6 15.
Qxd7 Rfd8 16.Qg4 Bxb5 17.cxb5 h5 18.Qc4 Nd4 19.Qxb4 Nxe2+ 20.Kh1 Nxc1 21.
Nxc1 Rc2 22.Qe1 Rxb2 23.Bc6 Rdd2 24.Kg1 h4 25.Qe3 hxg3 26.hxg3 Qd6 27.Qf3 
g6 28.Nb3 Rd3 29.Qg4 Rc3 30.Rd1 Qf6 31.Nd2 Qf5 32.Ne4 Qxg4 33.Nf6+ Kg7 34.
Nxg4 a6 35.a4 Rb4 36.Nxe5 Rxa4 37.Rd7 Kf6 38.Nf3 Ra1+ 39.Kg2 axb5 40.Bd5 
Kg7 41.Rxf7+ Kh6 42.Rb7 Rc5 43.Bg8 g5 44.Rxb6+ Kg7 45.Be6 Rb1 46.g4 Rb2 
47.Bf5 b4 48.Nxg5 Rc1 49.Nf3 Ra1 50.g5 Raa2 51.Kg3 Rxf2 52.Rb7+ Kf8 53.
Rxb4 Rg2+ 54.Kf4 Ra7 55.Nd4 Rf2+ 56.Kg3 Rf1 57.Rb8+ Kg7 58.Be4 Ra3+ 59.Kg4
Rg1+ 60.Kf4 Rf1+ 61.Nf3 Ra5 62.Rb7+ Kg8 63.Rd7 Ra4 64.g6 Rf2 65.Ke3 Rg2 
66.Bd5+ Kf8 67.Rf7+ Kg8 68.Ra7+ Kf8 69.Rxa4 Rxg6 70.Ra7 Rb6 71.Ke4 Rb4+ 
72.Ke5 Rb2 73.Nd4 1-0

[Event "zonal 7"]
[Site "Windsor CAN"]
[Date "1989.06.??"]
[Round "?"]
[White "Taylor, Gordon"]
[Black "Hergott, Deen"]
[Result "1-0"]
[WhiteElo "2345"]
[BlackElo "2365"]
[EventDate "1989.06.??"]
[PlyCount "67"]

1.d4 d6 2.c4 f5 3.Nf3 Nf6 4.g3 g6 5.Bg2 Bg7 6.O-O O-O 7.Nc3 Qe8 8.b3 Na6 
9.Ba3 c6 10.Qd3 Rb8 11.Rad1 b5 12.cxb5 cxb5 13.b4 Nc7 14.d5 Ng4 15.h3 Nf6 
16.Nd4 Rb6 17.Bc1 Bb7 18.Nb3 e6 19.Be3 Ncxd5 20.Bxb6 axb6 21.Nxd5 Bxd5 22.
Bxd5 Nxd5 23.Nd4 Nxb4 24.Qxb5 Qxb5 25.Nxb5 d5 26.Nc7 Be5 27.Nxe6 Re8 28.
Rb1 Rxe6 29.Rxb4 Bc3 30.Rb3 d4 31.e3 Rc6 32.Rc1 Rd6 33.Rd1 b5 34.Rxc3 1-0

[Event "zonal 7"]
[Site "Windsor CAN"]
[Date "1989.06.??"]
[Round "?"]
[White "Taylor, Gordon"]
[Black "Nickoloff, Bryon"]
[Result "1/2-1/2"]
[WhiteElo "2345"]
[BlackElo "2420"]
[EventDate "1989.06.??"]
[PlyCount "33"]

1.d4 Nf6 2.c4 e6 3.g3 c5 4.Nf3 cxd4 5.Nxd4 Qb6 6.Bg2 Bc5 7.e3 Nc6 8.O-O 
Nxd4 9.exd4 Bxd4 10.Nc3 e5 11.Nb5 O-O 12.Nxd4 exd4 13.b3 d5 14.Bb2 dxc4 
15.Bxd4 Qa6 16.Bxf6 gxf6 17.bxc4 1/2-1/2

[Event "zonal 7"]
[Site "Windsor CAN"]
[Date "1989.06.??"]
[Round "?"]
[White "Taylor, Gordon"]
[Black "Spraggett, Kevin"]
[Result "0-1"]
[WhiteElo "2345"]
[BlackElo "2585"]
[EventDate "1989.06.??"]
[PlyCount "161"]

1.d4 Nf6 2.c4 d6 3.Nf3 c6 4.Nc3 Bf5 5.Qb3 Qc7 6.Nh4 Bd7 7.e4 e5 8.Nf3 Bg4 
9.Be3 Nbd7 10.Be2 Be7 11.Qc2 O-O 12.O-O Rfe8 13.Rfe1 Nf8 14.h3 Bd7 15.c5 
Ng6 16.cxd6 Bxd6 17.Rad1 h6 18.Bf1 Rad8 19.dxe5 Nxe5 20.Nd4 Ng6 21.g3 Qc8 
22.Nf5 Bb8 23.Bg2 Be6 24.b3 Rxd1 25.Rxd1 Bxf5 26.exf5 Ne7 27.g4 Qc7 28.Kf1
Qh2 29.Qe2 a6 30.Qf3 Ned5 31.Nxd5 Nxd5 32.Re1 f6 33.Bd2 Rxe1+ 34.Kxe1 Bf4 
35.Bxf4 Qxf4 36.Qxf4 Nxf4 37.Bf1 Kf7 38.Kd2 Ke7 39.Ke3 Nd5+ 40.Kd4 Kd6 41.
a3 c5+ 42.Ke4 b5 43.f4 Ne7 44.Be2 Nc6 45.Bd1 Na5 46.Ke3 Nc6 47.Ke4 Nd4 48.
a4 b4 49.Ke3 Kd5 50.Kd3 a5 51.h4 c4+ 52.bxc4+ Kc5 53.h5 Nc6 54.Bb3 Nb8 55.
Bd1 Nd7 56.Bc2 Kc6 57.Kd4 Nc5 58.Bd1 Kd6 59.g5 b3 60.Kc3 Nxa4+ 61.Kxb3 Nb6
62.g6 Kc5 63.Be2 Kd4 64.Bf1 Kc5 65.Be2 Nd7 66.Ka4 Kb6 67.Bf3 Nc5+ 68.Ka3 
Nd3 69.Ka4 Nc5+ 70.Ka3 Kc7 71.Bg4 Kc6 72.Be2 Kc7 73.Bg4 Ne4 74.Ka4 Kb6 75.
Bf3 Nd6 76.c5+ Kxc5 77.Kxa5 Nxf5 78.Bg4 Ne3 79.Bf3 f5 80.Ka6 Nc2 81.Kb7 
0-1